00436cam a2200169ua 45000010005000000080039000050400009000440410008000530820015000611000033000762450053001092500017001622600042001793000010002216530014002316530021002459435150909n ii |||gr||||Z||||||asm cMAIN aasm a330.954162 aDhar, Pranab Kumar,eAuthor.1 aAsomor arthanitir ruprekhacby Pranab Kumar Dhar a2nd rev. ed. aLudhiana:bKalyani publishers,c1994. a231p. aEconomics aEconomy of Assam